| 000 | 00472nam a22001697a 4500 | ||
|---|---|---|---|
| 003 | OSt | ||
| 005 | 20251009012907.0 | ||
| 008 | 251009b |||||||| |||| 00| 0 eng d | ||
| 020 | _a978-0-515-14648-6 | ||
| 040 |
_aDWC-Main lib. _cOC |
||
| 082 | _aFic. C885t 2009 | ||
| 100 | _aCatherine Coulter | ||
| 245 |
_aTailspin : _ban FBI thriller/ _cCatherine Coulter |
||
| 260 |
_aNew York : _bJove Books, _c c2009. |
||
| 300 |
_a352 pages ; _c18 cm. |
||
| 942 |
_2ddc _cFIC. _kFic. _n0 |
||
| 999 |
_c4730 _d4730 |
||